Mind over water: lessons on life from the Art of Rowing

Zapisane w:
Opis bibliograficzny
1. autor: Lambert, Craig (Autor)
Format: Książka
Język:angielski
Wydane: Nueva York Mariner Books 1999
Wydanie:1a. ed
Hasła przedmiotowe:
Etykiety: Dodaj etykietę
Nie ma etykietki, Dołącz pierwszą etykiete!

MARC

LEADER 00000nam a2200000 a 4500
001 UCH9183
003 CL-VaPUC
008 091224e19990000US |||||||||||||||||eng|d
020 |a 0395857163 
082 0 4 |a 797.123  |b LAM  |2 21 
100 0 |a Lambert, Craig  |e author  |9 546142 
245 1 0 |a Mind over water: lessons on life from the Art of Rowing 
250 |a 1a. ed 
300 |a 184 p 
942 |c BK 
945 |d 20091224 00:00:00  |a cmena 
260 |a Nueva York  |b Mariner Books  |c 1999 
650 7 |a REMO  |2 CL-VaPUC  |9 537214 
650 7 |a DEPORTES ACUATICOS  |2 CL-VaPUC  |9 262007 
650 0 |a Atletas   |9 311809 
650 0 |a Biografías  |9 255210 
650 0 |a Psicología aplicada   |9 270762 
583 |a last modification  |c 20091224 00:00:00  |k Rodrigo Vera 
999 |c 339244  |d 339242 
952 |0 0  |1 0  |4 0  |6 797_123000000000000_LAM_1999  |7 0  |8 C  |9 432775  |a BIBCUR  |b BIBCUR  |d 2019-11-22  |i 4582004  |o 797.123 LAM 1999  |p 4582004  |r 2025-04-22  |w 2019-11-22  |y BK  |k DEN